[Event "Montreal Class-A"]
[Site "Montreal CAN"]
[Date "2004.11.13"]
[Round "3"]
[White "Trottier, Yves"]
[Black "Libersan, Thierry"]
[Result "1-0"]
[WhiteElo "1979"]
[BlackElo "2117"]
[PlyCount "60"]
[GameId "2160767911052573"]
[EventDate "2004.11.12"]
[EventType "swiss"]
[EventRounds "5"]
[EventCountry "CAN"]
[SourceTitle "EXT 2006"]
[Source "ChessBase"]
[SourceDate "2005.11.24"]
[SourceVersion "1"]
[SourceVersionDate "2005.11.24"]
[SourceQuality "1"]

1. e4 c5 2. Nc3 Nc6 3. g3 g6 4. Bg2 Bg7 5. d3 e6 6. f4 Nge7 7. Nf3 O-O 8. O-O Rb8 9. Be3 d6 10. e5 dxe5 11. Nxe5 Nxe5 12. fxe5 b6 13. Qe2 Nf5 14. Rae1 Bb7 15. Bf4 g5 16. Bc1 Nd4 17. Qf2 g4 18. Ne4 Bxe5 19. Bh6 Nf5 20. Qd2 Bd4+ 21. Kh1 Nxh6 22. Qxh6 f6 23. Rf4 Kh8 24. Rxg4 f5 25. Rh4 Qxh4 26. Qxh4 fxe4 27. Bxe4 Bxe4+ 28. Qxe4 Bxb2 29. Qxe6 Rf2 30. Qd7 Bf6 1-0

[Event "Montreal Class-A"]
[Site "Montreal CAN"]
[Date "2004.11.14"]
[Round "4"]
[White "Bolduc, Steve"]
[Black "Arsenault, Nicolas"]
[Result "1/2-1/2"]
[WhiteElo "2266"]
[BlackElo "2116"]
[PlyCount "67"]
[GameId "2160767911052574"]
[EventDate "2004.11.12"]
[EventType "swiss"]
[EventRounds "5"]
[EventCountry "CAN"]
[SourceTitle "EXT 2006"]
[Source "ChessBase"]
[SourceDate "2005.11.24"]
[SourceVersion "1"]
[SourceVersionDate "2005.11.24"]
[SourceQuality "1"]

1. d4 Nf6 2. c4 g6 3. Nc3 Bg7 4. e4 d6 5. Nf3 O-O 6. Be2 e5 7. d5 Nbd7 8. Bg5 h6 9. Bh4 g5 10. Bg3 Nc5 11. Nd2 Ncxe4 12. Ncxe4 Nxe4 13. Nxe4 f5 14. f3 fxe4 15. fxe4 c5 16. Qd2 Bd7 17. O-O-O a6 18. Kb1 b5 19. Rdf1 Qe7 20. Rxf8+ Rxf8 21. Rf1 Rxf1+ 22. Bxf1 b4 23. Be2 Qf7 24. Qd1 Qg6 25. Bd3 h5 26. a3 a5 27. axb4 axb4 28. b3 Kf7 29. Kb2 Ke7 30. Bf2 g4 31. Bh4+ Bf6 32. Qe1 Bg5 33. Qf2 Qf6 34. Qxf6+ 1/2-1/2

[Event "Montreal Class-A"]
[Site "Montreal CAN"]
[Date "2004.11.14"]
[Round "4"]
[White "Boulay, David"]
[Black "Gravel, Simon M"]
[Result "1/2-1/2"]
[WhiteElo "2056"]
[BlackElo "2276"]
[PlyCount "72"]
[GameId "2160767911052575"]
[EventDate "2004.11.12"]
[EventType "swiss"]
[EventRounds "5"]
[EventCountry "CAN"]
[SourceTitle "EXT 2006"]
[Source "ChessBase"]
[SourceDate "2005.11.24"]
[SourceVersion "1"]
[SourceVersionDate "2005.11.24"]
[SourceQuality "1"]

1. e4 e5 2. Nf3 Nc6 3. Bb5 a6 4. Ba4 Nf6 5. Qe2 Bc5 6. c3 b5 7. Bb3 d6 8. d3 O-O 9. Nbd2 Bb6 10. Nf1 Ne7 11. Ng3 Ng6 12. O-O c6 13. a4 Be6 14. Bxe6 fxe6 15. Ng5 Qe7 16. Nh3 d5 17. Be3 Bc7 18. Nh5 Nd7 19. Qg4 Rfb8 20. axb5 axb5 21. Ng5 Ndf8 22. Nf3 h6 23. d4 Kh7 24. Rfc1 Nd7 25. h4 Nf6 26. Nxf6+ Qxf6 27. h5 Nf8 28. dxe5 Bxe5 29. exd5 exd5 30. Nxe5 Qxe5 31. Bd4 Qc7 32. Qf5+ Kg8 33. Be5 Qc8 34. Qf4 Rxa1 35. Rxa1 Ra8 36. Re1 Qe8 1/2-1/2

[Event "Montreal Class-A"]
[Site "Montreal CAN"]
[Date "2004.11.14"]
[Round "4"]
[White "Falardeau, Bruno"]
[Black "Trottier, Yves"]
[Result "0-1"]
[WhiteElo "2031"]
[BlackElo "1979"]
[PlyCount "32"]
[GameId "2160767911052576"]
[EventDate "2004.11.12"]
[EventType "swiss"]
[EventRounds "5"]
[EventCountry "CAN"]
[SourceTitle "EXT 2006"]
[Source "ChessBase"]
[SourceDate "2005.11.24"]
[SourceVersion "1"]
[SourceVersionDate "2005.11.24"]
[SourceQuality "1"]

1. e4 e5 2. Nf3 Nf6 3. d4 Nxe4 4. Bd3 Nc6 5. Bxe4 d5 6. Bg5 Qd7 7. Nxe5 Nxe5 8. Qe2 dxe4 9. Qxe4 f6 10. Bf4 Qc6 11. Qe2 Qxg2 12. Rf1 Bg4 13. f3 Qxe2+ 14. Kxe2 Nxf3 15. Rxf3 Bxf3+ 16. Kxf3 O-O-O 0-1

[Event "Montreal Class-A"]
[Site "Montreal CAN"]
[Date "2004.11.14"]
[Round "4"]
[White "Khassanov, Marat"]
[Black "Larochelle, Martial"]
[Result "0-1"]
[WhiteElo "2341"]
[BlackElo "2209"]
[PlyCount "89"]
[GameId "2160767911052577"]
[EventDate "2004.11.12"]
[EventType "swiss"]
[EventRounds "5"]
[EventCountry "CAN"]
[SourceTitle "EXT 2006"]
[Source "ChessBase"]
[SourceDate "2005.11.24"]
[SourceVersion "1"]
[SourceVersionDate "2005.11.24"]
[SourceQuality "1"]

1. e4 c5 2. Nf3 d6 3. d4 cxd4 4. Nxd4 Nf6 5. Nc3 a6 6. Be2 e5 7. Nb3 Be7 8. O-O O-O 9. f4 b5 10. a4 Bb7 11. Bf3 Nbd7 12. Kh1 b4 13. Nd5 Bxd5 14. exd5 e4 15. Be2 Nb6 16. g4 a5 17. Bb5 Qc7 18. g5 Nfxd5 19. f5 e3 20. Qg4 Rfe8 21. Bxe8 Rxe8 22. f6 Bf8 23. Nd4 Rc8 24. b3 g6 25. Bb2 Qc5 26. Rae1 Nc3 27. Bc1 Ncd5 28. Nf3 Qc3 29. Nd4 Re8 30. Re2 Re5 31. h4 Nd7 32. Rd1 Qc7 33. Rde1 Nc5 34. Bxe3 Re4 35. Qf3 Nxe3 36. Nb5 Rxh4+ 37. Rh2 Rxh2+ 38. Kxh2 Qc8 39. Rxe3 Ne6 40. Qe4 Nxg5 41. Qe8 Qxc2+ 42. Re2 Qf5 43. Nc7 Qxf6 44. Nd5 Qf3 45. Re3 0-1

[Event "Montreal Class-A"]
[Site "Montreal CAN"]
[Date "2004.11.14"]
[Round "4"]
[White "Lawson, Eric"]
[Black "Masse, Hugues"]
[Result "1-0"]
[WhiteElo "2401"]
[BlackElo "2198"]
[PlyCount "119"]
[GameId "2160767911052578"]
[EventDate "2004.11.12"]
[EventType "swiss"]
[EventRounds "5"]
[EventCountry "CAN"]
[SourceTitle "EXT 2006"]
[Source "ChessBase"]
[SourceDate "2005.11.24"]
[SourceVersion "1"]
[SourceVersionDate "2005.11.24"]
[SourceQuality "1"]

1. d4 Nf6 2. Bg5 Ne4 3. Bf4 c5 4. f3 Qa5+ 5. c3 Nf6 6. Nd2 cxd4 7. Nb3 Qb6 8. Qxd4 Qxd4 9. cxd4 d5 10. Rc1 Nc6 11. e3 e6 12. Bb5 Bd7 13. a3 Kd8 14. Nc5 Bxc5 15. Rxc5 Ke7 16. Ne2 Rac8 17. Bd3 b6 18. Rc3 Na5 19. Kd2 Rxc3 20. Nxc3 Rc8 21. g4 Nc4+ 22. Kc2 h6 23. h4 Ne8 24. g5 h5 25. e4 dxe4 26. fxe4 Ned6 27. a4 Bc6 28. b3 Na5 29. Kb2 g6 30. Rf1 Be8 31. Ba6 Rd8 32. Be5 Kf8 33. d5 exd5 34. exd5 Nab7 35. b4 Bd7 36. Rf6 Ke7 37. Rf4 Re8 38. Ne4 Nxe4 39. Bxb7 Bf5 40. Bc6 Rc8 41. b5 Nd6 42. Bf6+ Kf8 43. Bc3 Rd8 44. Kb3 Kg8 45. Bf6 Rc8 46. Be7 Ne4 47. a5 Kg7 48. axb6 axb6 49. Kc4 f6 50. Kd4 fxg5 51. Rxe4 Bxe4 52. Kxe4 gxh4 53. d6 h3 54. Kf3 h2 55. Kg2 Kf7 56. Bh4 g5 57. d7 Rg8 58. Bd5+ Ke7 59. Bxg8 gxh4 60. Be6 1-0

[Event "Montreal Class-A"]
[Site "Montreal CAN"]
[Date "2004.11.14"]
[Round "4"]
[White "Libersan, Thierry"]
[Black "Sauve, Richard"]
[Result "0-1"]
[WhiteElo "2117"]
[BlackElo "1963"]
[PlyCount "50"]
[GameId "2160767911052579"]
[EventDate "2004.11.12"]
[EventType "swiss"]
[EventRounds "5"]
[EventCountry "CAN"]
[SourceTitle "EXT 2006"]
[Source "ChessBase"]
[SourceDate "2005.11.24"]
[SourceVersion "1"]
[SourceVersionDate "2005.11.24"]
[SourceQuality "1"]

1. e4 e6 2. d4 d5 3. e5 c5 4. c3 Qb6 5. Nf3 Nc6 6. a3 Nh6 7. Bxh6 Qxb2 8. Bc1 Qxa1 9. Qb3 c4 10. Qc2 b5 11. Be2 a5 12. O-O b4 13. Bb2 Qa2 14. Nfd2 bxa3 15. Nxa3 Bxa3 16. Qa4 Bd7 17. Qxa3 Qxa3 18. Bxa3 Rb8 19. Ra1 a4 20. Bd6 Rb2 21. Rxa4 Bc8 22. Ra8 Kd7 23. Bd1 Rxd2 24. Ba4 Rb2 25. Kf1 Rd8 0-1

[Event "Montreal Class-A"]
[Site "Montreal CAN"]
[Date "2004.11.14"]
[Round "4"]
[White "Ramaswamy, Kishor"]
[Black "Prahov, Valentin"]
[Result "1-0"]
[WhiteElo "2030"]
[BlackElo "2225"]
[PlyCount "43"]
[GameId "2160767911052580"]
[EventDate "2004.11.12"]
[EventType "swiss"]
[EventRounds "5"]
[EventCountry "CAN"]
[SourceTitle "EXT 2006"]
[Source "ChessBase"]
[SourceDate "2005.11.24"]
[SourceVersion "1"]
[SourceVersionDate "2005.11.24"]
[SourceQuality "1"]

1. d4 Nf6 2. Nf3 g6 3. Bg5 Bg7 4. Nbd2 d5 5. e3 Nc6 6. c3 h6 7. Bh4 Bf5 8. Be2 O-O 9. O-O a6 10. a4 Qd7 11. b4 g5 12. Bg3 Ne4 13. Nxe4 Bxe4 14. b5 axb5 15. axb5 Na5 16. Ne5 Qe6 17. Nd3 b6 18. Bxc7 Rfc8 19. Nc5 Qg6 20. Bh5 Qh7 21. Bxb6 Bc2 22. Qf3 1-0

[Event "Montreal Class-A"]
[Site "Montreal CAN"]
[Date "2004.11.14"]
[Round "5"]
[White "Arsenault, Nicolas"]
[Black "Malveau, Cedric"]
[Result "1/2-1/2"]
[WhiteElo "2116"]
[BlackElo "1932"]
[PlyCount "67"]
[GameId "2160767911052582"]
[EventDate "2004.11.12"]
[EventType "swiss"]
[EventRounds "5"]
[EventCountry "CAN"]
[SourceTitle "EXT 2006"]
[Source "ChessBase"]
[SourceDate "2005.11.24"]
[SourceVersion "1"]
[SourceVersionDate "2005.11.24"]
[SourceQuality "1"]

1. e4 c5 2. Nf3 d6 3. d4 cxd4 4. Nxd4 Nf6 5. Nc3 a6 6. f3 e5 7. Nb3 Be6 8. Be3 Be7 9. Qd2 Nbd7 10. O-O-O b5 11. Qf2 Qc7 12. g4 b4 13. Nd5 Bxd5 14. exd5 a5 15. g5 Nh5 16. Bb5 O-O 17. Ba4 g6 18. h4 Ng7 19. f4 Nf5 20. h5 Rfc8 21. Rh2 Bf8 22. h6 Nxe3 23. Qxe3 exf4 24. Qxf4 Ne5 25. Kb1 Qd8 26. Rg2 Ra7 27. Nd4 Re7 28. Nc6 Nxc6 29. dxc6 Re5 30. Bb3 Qe7 31. Qc4 Rc5 32. Qg4 Rf5 33. Qc4 Rc5 34. Qg4 1/2-1/2

[Event "Montreal Class-A"]
[Site "Montreal CAN"]
[Date "2004.11.14"]
[Round "5"]
[White "Falardeau, Bruno"]
[Black "Libersan, Thierry"]
[Result "1-0"]
[WhiteElo "2031"]
[BlackElo "2117"]
[PlyCount "61"]
[GameId "2160767911052583"]
[EventDate "2004.11.12"]
[EventType "swiss"]
[EventRounds "5"]
[EventCountry "CAN"]
[SourceTitle "EXT 2006"]
[Source "ChessBase"]
[SourceDate "2005.11.24"]
[SourceVersion "1"]
[SourceVersionDate "2005.11.24"]
[SourceQuality "1"]

1. e4 c5 2. Nc3 Nc6 3. f4 g6 4. Nf3 Bg7 5. Bb5 Nd4 6. Nxd4 cxd4 7. Ne2 e6 8. O-O a6 9. Bd3 d6 10. c3 Qb6 11. Kh1 dxc3 12. bxc3 Nf6 13. Ng3 h5 14. Qf3 h4 15. Ne2 Bd7 16. Rb1 Qc7 17. Ba3 e5 18. fxe5 dxe5 19. h3 Bc6 20. Bc2 Nh5 21. d4 O-O-O 22. d5 Bb5 23. Bd3 Bc4 24. Rb4 Bxd3 25. Qxd3 Qa5 26. Qc4+ Kb8 27. Rxb7+ Kxb7 28. Qc6+ Kb8 29. Rxf7 Ng3+ 30. Nxg3 Rd7 31. Rxd7 1-0

[Event "Montreal Class-A"]
[Site "Montreal CAN"]
[Date "2004.11.14"]
[Round "5"]
[White "Larochelle, Martial"]
[Black "Ramaswamy, Kishor"]
[Result "1-0"]
[WhiteElo "2209"]
[BlackElo "2030"]
[PlyCount "57"]
[GameId "2160767911052584"]
[EventDate "2004.11.12"]
[EventType "swiss"]
[EventRounds "5"]
[EventCountry "CAN"]
[SourceTitle "EXT 2006"]
[Source "ChessBase"]
[SourceDate "2005.11.24"]
[SourceVersion "1"]
[SourceVersionDate "2005.11.24"]
[SourceQuality "1"]

1. c4 c6 2. Nf3 d5 3. b3 Nf6 4. g3 Bg4 5. Bb2 e6 6. Bg2 Nbd7 7. O-O Bd6 8. Na3 O-O 9. d3 Bxf3 10. Bxf3 Qe7 11. Nc2 a5 12. a3 Rfe8 13. Rb1 a4 14. b4 Ne5 15. Ne3 Nxf3+ 16. exf3 b5 17. f4 Nd7 18. Rc1 Rac8 19. Rc2 f6 20. Qg4 Qf7 21. Rfc1 dxc4 22. dxc4 Rcd8 23. cxb5 cxb5 24. Rc6 Bb8 25. Rd1 Rc8 26. Rxc8 Rxc8 27. Qe2 e5 28. Qxb5 Nf8 29. fxe5 1-0

[Event "Montreal Class-A"]
[Site "Montreal CAN"]
[Date "2004.11.14"]
[Round "5"]
[White "Mikanovic, Goran"]
[Black "Masse, Hugues"]
[Result "1/2-1/2"]
[WhiteElo "2346"]
[BlackElo "2198"]
[PlyCount "164"]
[GameId "2160767911052586"]
[EventDate "2004.11.12"]
[EventType "swiss"]
[EventRounds "5"]
[EventCountry "CAN"]
[SourceTitle "EXT 2006"]
[Source "ChessBase"]
[SourceDate "2005.11.24"]
[SourceVersion "1"]
[SourceVersionDate "2005.11.24"]
[SourceQuality "1"]

1. d4 Nf6 2. c4 g6 3. Nc3 d5 4. Nf3 Bg7 5. e3 O-O 6. b4 b6 7. Ba3 Re8 8. Qb3 Bb7 9. Be2 e6 10. O-O Nbd7 11. Rfd1 dxc4 12. Qxc4 Nd5 13. Rac1 Nxc3 14. Qxc3 Rc8 15. Qc2 Nf6 16. Qa4 a6 17. Ne5 Bf8 18. Bf3 Bxf3 19. Nxf3 Qd5 20. Rd2 Qb7 21. Rdc2 Bd6 22. Bb2 Ne4 23. a3 Red8 24. Qb3 Qd5 25. Qxd5 exd5 26. Ne1 Rd7 27. f3 Nf6 28. Nd3 Re8 29. Re2 Rde7 30. Rce1 Kf8 31. Bc1 Re6 32. Rc2 Nd7 33. a4 R8e7 34. Bd2 Ke8 35. b5 a5 36. Kf2 Kd8 37. Bc1 Kc8 38. Rc3 Kb7 39. Ba3 Bxa3 40. Rxa3 g5 41. Rc3 Nb8 42. Rb1 f6 43. Nc1 h5 44. Ne2 h4 45. Rd3 Rd6 46. Nc3 f5 47. Re1 Nd7 48. e4 fxe4 49. fxe4 dxe4 50. Nxe4 Rf7+ 51. Kg1 Rd5 52. Nc3 Rdf5 53. Rde3 Nf8 54. Re5 Nd7 55. Rxf5 Rxf5 56. h3 Nf6 57. Re5 Rf4 58. Ne2 Re4 59. Kf2 g4 60. Rxe4 Nxe4+ 61. Ke3 gxh3 62. gxh3 Ng5 63. Kf4 Nxh3+ 64. Kg4 Nf2+ 65. Kxh4 c6 66. bxc6+ Kxc6 67. Nc3 Nd3 68. Kg4 Nb4 69. Kf3 Na6 70. Ke4 Nc7 71. Ke5 Kd7 72. d5 Na6 73. Ke4 Kd6 74. Kd4 Nc7 75. Kc4 Kd7 76. Kd4 Ne8 77. Kd3 Kc7 78. Ne2 Kd6 79. Kd4 Kc7 80. Nf4 Nd6 81. Nd3 Kd7 82. Nc1 Kc7 1/2-1/2

[Event "Montreal Class-A"]
[Site "Montreal CAN"]
[Date "2004.11.14"]
[Round "5"]
[White "Prahov, Valentin"]
[Black "Boulay, David"]
[Result "1-0"]
[WhiteElo "2225"]
[BlackElo "2056"]
[PlyCount "107"]
[GameId "2160767911052587"]
[EventDate "2004.11.12"]
[EventType "swiss"]
[EventRounds "5"]
[EventCountry "CAN"]
[SourceTitle "EXT 2006"]
[Source "ChessBase"]
[SourceDate "2005.11.24"]
[SourceVersion "1"]
[SourceVersionDate "2005.11.24"]
[SourceQuality "1"]

1. e4 c5 2. Nf3 d6 3. d4 cxd4 4. Nxd4 Nf6 5. Nc3 a6 6. Be2 e5 7. Nb3 Be7 8. Be3 Be6 9. Nd5 Nxd5 10. exd5 Bf5 11. c4 Nd7 12. O-O O-O 13. Qd2 Nc5 14. Nxc5 dxc5 15. f4 e4 16. Rad1 Bd6 17. g4 Bd7 18. f5 b5 19. b3 bxc4 20. Bxc4 Re8 21. Qf2 Qc7 22. Rc1 a5 23. Kh1 Qb6 24. Rc2 Rac8 25. Bf4 Be5 26. Bxe5 Rxe5 27. Re2 h5 28. Qf4 Rce8 29. h3 Qf6 30. Kg2 Bc8 31. Rfe1 Qe7 32. Bb5 Bd7 33. d6 Qxd6 34. Rd2 Qxd2+ 35. Qxd2 Bxb5 36. Qxa5 Bd3 37. Qc3 g6 38. fxg6 fxg6 39. gxh5 gxh5 40. Kh2 Kh7 41. Rg1 R8e7 42. Qd2 Rg7 43. Qf4 Ree7 44. Qf5+ Kg8 45. Qd5+ Kf8 46. Qa8+ Re8 47. Qxe8+ Kxe8 48. Rxg7 e3 49. Kg3 Kd8 50. Kf3 e2 51. Kf2 c4 52. bxc4 Bxc4 53. a4 Kc8 54. Rg5 1-0

[Event "Montreal Class-A"]
[Site "Montreal CAN"]
[Date "2004.11.14"]
[Round "5"]
[White "Tremblay, Alain"]
[Black "Sauve, Richard"]
[Result "1/2-1/2"]
[WhiteElo "2125"]
[BlackElo "1963"]
[PlyCount "107"]
[GameId "2160767911052588"]
[EventDate "2004.11.12"]
[EventType "swiss"]
[EventRounds "5"]
[EventCountry "CAN"]
[SourceTitle "EXT 2006"]
[Source "ChessBase"]
[SourceDate "2005.11.24"]
[SourceVersion "1"]
[SourceVersionDate "2005.11.24"]
[SourceQuality "1"]

1. e4 e6 2. d4 d5 3. Nc3 Nf6 4. e5 Nfd7 5. Nf3 c5 6. dxc5 Nc6 7. Bf4 Bxc5 8. Bd3 f6 9. exf6 Qxf6 10. Bg5 Qf7 11. O-O O-O 12. Bh4 Nf6 13. Qe2 Nd4 14. Nxd4 Bxd4 15. Nb5 Bc5 16. Bg3 Ne8 17. c3 Bd7 18. Rae1 Rc8 19. Nd4 Bxd4 20. cxd4 Nf6 21. Be5 Rc6 22. Qd2 Rfc8 23. f3 Rb6 24. Rc1 Rbc6 25. Rxc6 Bxc6 26. Rc1 Nd7 27. Bd6 Qf6 28. Qe3 Re8 29. Re1 Nf8 30. g3 Nd7 31. Bf1 Nf8 32. Bh3 Bd7 33. Rc1 Bc6 34. b3 a6 35. Bf1 Rc8 36. Bh3 Re8 37. Bf1 Rc8 38. b4 Bd7 39. Rxc8 Bxc8 40. Qc3 Bd7 41. Be5 Qf7 42. Be2 Qg6 43. Bd3 Qf7 44. Kf2 Qe8 45. Qc7 Qc8 46. Ke3 Qxc7 47. Bxc7 Kf7 48. h4 g6 49. Bd6 Ba4 50. Kd2 Nd7 51. Bc5 Kf6 52. f4 Kf7 53. Kc3 Nf6 54. Bd6 1/2-1/2

[Event "Montreal Class-B"]
[Site "Montreal CAN"]
[Date "2004.11.12"]
[Round "1"]
[White "Dimev, Kiril"]
[Black "Cuerrier, Alain"]
[Result "1-0"]
[WhiteElo "1870"]
[BlackElo "1941"]
[PlyCount "41"]
[GameId "2160767911052589"]
[EventDate "2004.11.12"]
[EventType "swiss"]
[EventRounds "5"]
[EventCountry "CAN"]
[SourceTitle "EXT 2006"]
[Source "ChessBase"]
[SourceDate "2005.11.24"]
[SourceVersion "1"]
[SourceVersionDate "2005.11.24"]
[SourceQuality "1"]

1. d4 d5 2. c4 e6 3. Nf3 Nf6 4. g3 Be7 5. Bg2 O-O 6. O-O dxc4 7. Qc2 c5 8. dxc5 Qc7 9. Bf4 Qxc5 10. Nbd2 Bd7 11. e4 Bc6 12. Be3 Qh5 13. h3 Qg6 14. Ne5 Qh5 15. Ndxc4 Nfd7 16. Bf3 Qxe5 17. Nxe5 Nxe5 18. Bg2 Bb5 19. Rfd1 Nbc6 20. a3 Rac8 21. Rac1 1-0

[Event "Montreal Class-B"]
[Site "Montreal CAN"]
[Date "2004.11.12"]
[Round "1"]
[White "Kenanu, Dariush"]
[Black "Villeneuve, Robert"]
[Result "1/2-1/2"]
[WhiteElo "1847"]
[BlackElo "1922"]
[PlyCount "153"]
[GameId "2160767911052590"]
[EventDate "2004.11.12"]
[EventType "swiss"]
[EventRounds "5"]
[EventCountry "CAN"]
[SourceTitle "EXT 2006"]
[Source "ChessBase"]
[SourceDate "2005.11.24"]
[SourceVersion "1"]
[SourceVersionDate "2005.11.24"]
[SourceQuality "1"]

1. e4 c5 2. Nf3 d6 3. d4 cxd4 4. Bc4 Nf6 5. O-O Nxe4 6. Qxd4 Nf6 7. Ne5 e6 8. Bb5+ Nbd7 9. Nc4 d5 10. Ne5 a6 11. Bxd7+ Bxd7 12. c4 Bc6 13. cxd5 Qxd5 14. Nxc6 Qxc6 15. Nc3 Be7 16. Bg5 Rc8 17. Rac1 O-O 18. h3 Rfd8 19. Qf4 Qc4 20. Qf3 Rc6 21. Rfe1 Rd3 22. Qe2 Qd4 23. Red1 Rxd1+ 24. Rxd1 Qc5 25. Ne4 Nxe4 26. Bxe7 Qxe7 27. Qxe4 Qc7 28. Qe5 Kf8 29. Qg5 f6 30. Qe3 Ke7 31. Kh1 Qb6 32. Qg3 g5 33. Qb8 Qc7 34. Qg8 Rc1 35. Qxh7+ Ke8 36. Qh5+ Ke7 37. Qh7+ Ke8 38. Qxc7 Rxc7 39. Rd6 Ke7 40. Rb6 f5 41. g3 Kf6 42. Kg2 Ke5 43. Rb3 Ke4 44. Rc3 Re7 45. Re3+ Kd4 46. g4 f4 47. Rb3 e5 48. Rb6 e4 49. Rd6+ Kc4 50. b3+ Kc5 51. Rg6 Re5 52. Rg7 b5 53. Ra7 Kb6 54. Rf7 a5 55. Kf1 Kc5 56. Ke2 e3 57. Rf6 b4 58. h4 exf2+ 59. Kxf2 gxh4 60. Rxf4 Rd5 61. Rc4+ Kb5 62. Rc2 Rd3 63. Re2 Rg3 64. Re5+ Kb6 65. g5 Rg4 66. Kf3 Rg1 67. Kf4 h3 68. Re6+ Kb5 69. Rh6 Rg2 70. Kf5 h2 71. g6 Rxa2 72. g7 Rg2 73. Kf6 a4 74. bxa4+ Kxa4 75. Rxh2 Rxg7 76. Kxg7 b3 77. Kf6 1/2-1/2

[Event "Montreal Class-B"]
[Site "Montreal CAN"]
[Date "2004.11.12"]
[Round "1"]
[White "Parent, Francois"]
[Black "Rodriguez, Aaron"]
[Result "1-0"]
[WhiteElo "1920"]
[BlackElo "1837"]
[PlyCount "69"]
[GameId "2160767911052591"]
[EventDate "2004.11.12"]
[EventType "swiss"]
[EventRounds "5"]
[EventCountry "CAN"]
[SourceTitle "EXT 2006"]
[Source "ChessBase"]
[SourceDate "2005.11.24"]
[SourceVersion "1"]
[SourceVersionDate "2005.11.24"]
[SourceQuality "1"]

1. d4 g6 2. e4 Bg7 3. Nf3 d6 4. Bc4 Nf6 5. Nbd2 O-O 6. Bb3 c6 7. O-O Nbd7 8. c3 e5 9. Re1 Qc7 10. Nf1 b5 11. dxe5 dxe5 12. a4 a6 13. axb5 cxb5 14. Ne3 Nb6 15. Nd5 Nfxd5 16. exd5 Bb7 17. d6 Bxf3 18. dxc7 Bxd1 19. Rxd1 Rfc8 20. Rd6 Na4 21. Bxa4 bxa4 22. Rd7 e4 23. Rxa4 f5 24. Be3 Be5 25. Rc4 a5 26. Bd4 Bxd4 27. cxd4 a4 28. Kf1 Re8 29. d5 f4 30. d6 e3 31. Re7 Rf8 32. d7 a3 33. bxa3 Rxa3 34. c8=Q Ra1+ 35. Rc1 1-0

[Event "Montreal Class-B"]
[Site "Montreal CAN"]
[Date "2004.11.13"]
[Round "2"]
[White "Gauthier, Denis"]
[Black "Crete, Michel"]
[Result "0-1"]
[WhiteElo "1937"]
[BlackElo "1883"]
[PlyCount "60"]
[GameId "2160767911052592"]
[EventDate "2004.11.12"]
[EventType "swiss"]
[EventRounds "5"]
[EventCountry "CAN"]
[SourceTitle "EXT 2006"]
[Source "ChessBase"]
[SourceDate "2005.11.24"]
[SourceVersion "1"]
[SourceVersionDate "2005.11.24"]
[SourceQuality "1"]

1. d4 d5 2. c4 e6 3. Nc3 c5 4. cxd5 exd5 5. Nf3 Nc6 6. g3 Nf6 7. Bg2 Be7 8. O-O O-O 9. b3 Re8 10. Bb2 Bg4 11. dxc5 Bxc5 12. Na4 Bf8 13. Rc1 Ne4 14. Nc3 Qa5 15. Nd4 Nxd4 16. Qxd4 Bc5 17. Qa4 Qxa4 18. Nxa4 Bxf2+ 19. Rxf2 Nxf2 20. Bxd5 Rxe2 21. Bxb7 Nh3+ 22. Kh1 Rd8 23. Bc3 h5 24. Nc5 Rxa2 25. Be4 Nf2+ 26. Kg1 Nxe4 27. Nxe4 Bf3 28. Ng5 Rd1+ 29. Rxd1 Bxd1 30. h4 Bxb3 0-1

[Event "Montreal Class-B"]
[Site "Montreal CAN"]
[Date "2004.11.13"]
[Round "2"]
[White "Samson, Gaetan"]
[Black "Cloutier, Mario"]
[Result "0-1"]
[WhiteElo "1867"]
[BlackElo "1936"]
[PlyCount "60"]
[GameId "2160767911052593"]
[EventDate "2004.11.12"]
[EventType "swiss"]
[EventRounds "5"]
[EventCountry "CAN"]
[SourceTitle "EXT 2006"]
[Source "ChessBase"]
[SourceDate "2005.11.24"]
[SourceVersion "1"]
[SourceVersionDate "2005.11.24"]
[SourceQuality "1"]

1. e4 c5 2. Nf3 e6 3. d4 cxd4 4. Nxd4 a6 5. Nc3 b5 6. Bd3 Qb6 7. Nce2 Bc5 8. Be3 Nf6 9. c3 Ng4 10. b4 Nxe3 11. bxc5 Nxd1 12. cxb6 Nb2 13. Bxb5 axb5 14. Nxb5 Ke7 15. Ned4 Nc4 16. Nc7 Ra4 17. O-O Nxb6 18. Rfb1 Na6 19. Ncb5 Nc4 20. f4 Nc5 21. e5 Bb7 22. Nb3 Nd3 23. Rd1 Ncb2 24. Rd2 Bd5 25. N3d4 Rxa2 26. Rb1 Rha8 27. Nc2 Nc4 28. Rxd3 Rxc2 29. Nc7 Rxg2+ 30. Kf1 Raa2 0-1

[Event "Montreal Class-B"]
[Site "Montreal CAN"]
[Date "2004.11.14"]
[Round "5"]
[White "Lalonde, Paul"]
[Black "Esterez, Emmanuel"]
[Result "0-1"]
[WhiteElo "1898"]
[BlackElo "1892"]
[PlyCount "102"]
[GameId "2160767911052594"]
[EventDate "2004.11.12"]
[EventType "swiss"]
[EventRounds "5"]
[EventCountry "CAN"]
[SourceTitle "EXT 2006"]
[Source "ChessBase"]
[SourceDate "2005.11.24"]
[SourceVersion "1"]
[SourceVersionDate "2005.11.24"]
[SourceQuality "1"]

1. e4 Nc6 2. Nc3 e5 3. f4 exf4 4. Nf3 g5 5. Bc4 g4 6. O-O gxf3 7. Qxf3 Ne5 8. Qxf4 Qf6 9. Bxf7+ Nxf7 10. Qxf6 Nxf6 11. Rxf6 Bg7 12. Rf3 Bd4+ 13. Kf1 Ne5 14. Rf4 d6 15. Nd5 Ng6 16. Nxc7+ Kd8 17. Nxa8 Nxf4 18. c3 Bg7 19. d4 Rf8 20. Be3 Bg4 21. Kg1 Ne2+ 22. Kh1 Kd7 23. Re1 Rxa8 24. h3 Bh5 25. g4 Bg6 26. Rxe2 Bxe4+ 27. Kh2 Rf8 28. Bh6 Bxh6 29. Rxe4 Re8 30. Rxe8 Kxe8 31. Kg3 Bc1 32. b3 Bb2 33. c4 Bxd4 34. Kf3 Kf7 35. Ke4 Bc5 36. Kf5 Ba3 37. h4 Bb4 38. g5 Be1 39. h5 Bc3 40. g6+ hxg6+ 41. hxg6+ Ke7 42. a3 Bb2 43. a4 Bc3 44. Kg5 Ke6 45. Kf4 Kf6 46. Ke4 Kxg6 47. Kd5 Bb4 48. Ke6 b6 49. Kd5 Kf6 50. Kc6 Bc5 51. Kb5 a5 0-1